| 000 | 00367nam a2200145Ia 4500 | ||
|---|---|---|---|
| 008 | 150201s2000 xx 000 0 und d | ||
| 082 |
_a617.525 _bT2000R |
||
| 100 | _aROBINSON PAUL D. | ||
| 245 | _aTOOTH EXTRACTION : A PRACTICE GUIDE | ||
| 250 | _a1ST | ||
| 260 |
_bWRIGHT PUBLICATION _aOXFORD _c2000 |
||
| 300 | _a1-130 | ||
| 650 | _aORAL SURGERY | ||
| 942 |
_2ddc _cBK |
||
| 999 |
_c3452 _d3452 |
||